World tax reform : (Record no. 2776)
[ view plain ]
| 000 -LEADER | |
|---|---|
| fixed length control field | 00887cam a2200229 a 4500 |
| 001 - CONTROL NUMBER | |
| control field | 4818052 |
| 005 - DATE AND TIME OF LATEST TRANSACTION | |
| control field | 20250122114004.0 |
| 008 - FIXED-LENGTH DATA ELEMENTS--GENERAL INFORMATION | |
| fixed length control field | 891128s1990 caua b 001 0 eng |
| 020 ## - INTERNATIONAL STANDARD BOOK NUMBER | |
| International Standard Book Number | 1558150927 : |
| Terms of availability | $29.95 |
| 020 ## - INTERNATIONAL STANDARD BOOK NUMBER | |
| International Standard Book Number | 1558150773 (pbk.) |
| 050 00 - LIBRARY OF CONGRESS CALL NUMBER | |
| Classification number | HJ2305 |
| Item number | .W68 1990 |
| 082 00 - DEWEY DECIMAL CLASSIFICATION NUMBER | |
| Classification number | 336.2/05 |
| Edition information | 20 |
| 245 00 - TITLE STATEMENT | |
| Title | World tax reform : |
| Remainder of title | case studies of developed and developing countries / |
| Statement of responsibility, etc. | edited by Michael J. Boskin and Charles E. McLure, Jr. |
| 260 ## - PUBLICATION, DISTRIBUTION, ETC. | |
| Place of publication, distribution, etc. | San Francisco, Calif. : |
| Name of publisher, distributor, etc. | ICS Press ; |
| Place of publication, distribution, etc. | Lanham, Md. : |
| Name of publisher, distributor, etc. | Distributed to the trade by National Book Network, |
| Date of publication, distribution, etc. | c1990. |
| 300 ## - PHYSICAL DESCRIPTION | |
| Extent | xiv, 332 p. : |
| Other physical details | ill. ; |
| Dimensions | 25 cm. |
| 500 ## - GENERAL NOTE | |
| General note | Originally presented at a conference in Oct. 1988. |
| 500 ## - GENERAL NOTE | |
| General note | "An International Center for Economic Growth publication." |
| 650 #0 - SUBJECT ADDED ENTRY--TOPICAL TERM | |
| Topical term or geographic name entry element | Taxation |
| General subdivision | Case studies. |
| 700 1# - ADDED ENTRY--PERSONAL NAME | |
| Personal name | Boskin, Michael J. |
| 700 1# - ADDED ENTRY--PERSONAL NAME | |
| Personal name | McLure, Charles E. |
| 942 ## - ADDED ENTRY ELEMENTS (KOHA) | |
| Source of classification or shelving scheme | Dewey Decimal Classification |
| Koha item type | Books |
| Suppress in OPAC | No |
| 999 ## - | |
| -- | 2776 |
| -- | 2776 |
| Withdrawn status | Lost status | Source of classification or shelving scheme | Damaged status | Not for loan | Collection | Home library | Current library | Shelving location | Date acquired | Total checkouts | Full call number | Barcode | Date last seen | Copy number | Price effective from | Koha item type |
|---|---|---|---|---|---|---|---|---|---|---|---|---|---|---|---|---|
| Library of Congress Classification | Non-fiction | Undergraduate Library (Christ Temple) | Undergraduate Library (Christ Temple) | General stacks | 01/22/2025 | HJ2305.W68 WOR | ulct00000862 | 01/22/2025 | 1 | 01/22/2025 | Books |